The great city search / (Record no. 111308)
[ view plain ]
| 000 -LEADER | |
|---|---|
| fixed length control field | 00452nam a2200157 a 4500 |
| 005 - DATE AND TIME OF LATEST TRANSACTION | |
| control field | 20140414131913.0 |
| 008 - FIXED-LENGTH DATA ELEMENTS--GENERAL INFORMATION | |
| fixed length control field | 100712s19uu xx 00 eng d |
| 020 ## - INTERNATIONAL STANDARD BOOK NUMBER | |
| International Standard Book Number | 0-590-63157-8 |
| 050 ## - LIBRARY OF CONGRESS CALL NUMBER | |
| Classification number | M 307.76 |
| Item number | H49 1997 |
| 100 ## - MAIN ENTRY--PERSONAL NAME | |
| Personal name | Heywood, Rosie |
| 245 ## - TITLE STATEMENT | |
| Title | The great city search / |
| Statement of responsibility, etc | Rosie Heywood; illustrated by David Hancock. |
| 260 ## - PUBLICATION, DISTRIBUTION, ETC. (IMPRINT) | |
| Place of publication, distribution, etc | New York : |
| Name of publisher, distributor, etc | Scholastic, |
| Date of publication, distribution, etc | 1997. |
| 440 ## - SERIES STATEMENT/ADDED ENTRY--TITLE | |
| Title | Look, Puzzle, Learn |
| 650 ## - SUBJECT ADDED ENTRY--TOPICAL TERM | |
| Topical term or geographic name as entry element | Community |
| Withdrawn status | Lost status | Damaged status | Home library | Current library | Shelving location | Date acquired | Source of acquisition | Total Checkouts | Full call number | Barcode | Date last seen | Price effective from | Koha item type |
|---|---|---|---|---|---|---|---|---|---|---|---|---|---|
| Munich Library | Munich Library | Main Section | 07/12/2010 | M 307.76 H49 1997 | M1966 | 04/14/2014 | 04/14/2014 | Books |